000
00272nam a2200109Ia 4500
008
200302s9999 xx 000 0 und d
100
_a
Allan Konya
245
_a
Libraries A Briefing and Design Guide
260
_b
The Architectural Press
260
_c
1986
300
_a
182 P.,
999
_c
751
_d
751